Why PPP real exchange rates mislead (Registro nro. 30377)

Detalles MARC
000 -LEADER
fixed length control field 00330 a2200109 4500
001 - CONTROL NUMBER
control field ART_28130
005 - DATE AND TIME OF LATEST TRANSACTION
control field 20260410161951.0
008 - FIXED-LENGTH DATA ELEMENTS--GENERAL INFORMATION
fixed length control field 260409a
100 1# - MAIN ENTRY--PERSONAL NAME
Personal name Sjaastad, Larry A.
245 10 - TITLE STATEMENT
Title Why PPP real exchange rates mislead
773 0# - HOST ITEM ENTRY
Title Journal of applied economics
Related parts - Vol. 1, Nº 1 (nov. 1998)
Record control number REV28044

No hay ítems disponibles.